• 首页
  • 本馆介绍
  • 公告通知
  • 最新文献
  • 馆藏检索
  • 电子资源
  • 读者导购
  • 参考咨询
  • 我的图书馆
  • 登录
  • 详细信息显示
  • 放入我的书架
  • 预约/预借图书
  • 作者相关作品
  • 分类相关作品
  • 丛书相关作品
  • 出版社相关作品

书目信息

  • 表格格式
  • 工作单格式
  • 卡片格式
题名:
戏曲年画与脸谱
    
 
作者: 杨小华 绘 ;刘正 编
分册: 上册  
出版信息: 天津   天津人民美术出版社  2003
页数: 44页
开本: 17×18cm
丛书名: 知识丛书
单 册:
中图分类: J228.3 , J815
科图分类:
主题词: 年画--中国--画册 , 戏曲--脸谱--中国 , 戏曲 , 脸谱 , 年画
电子资源:
ISBN: 7-5305-2300-7
000 00835oam2 2200301 450
001 002534053
005 20070807083827.68
010    @a7-5305-2300-7@dCNY14.00
100    @a20031219d2003 em y0chiy0110 ea
101 0  @achi
102    @aCN@b120000
105    @aa z 000yy
200 1  @a戏曲年画与脸谱@9xi qu nian hua yu lian pu@h上册@f杨小华绘@Fyang xiao hua hui@g刘正等编@Gliu zheng deng bian
210    @a天津@c天津人民美术出版社@d2003
215    @a44页@d17×18cm
225 2  @a知识丛书
461  0 @12001 @a知识丛书
606 0  @a年画@y中国@j画册
606 0  @a戏曲@x脸谱@y中国
606 0  @a戏曲
606 0  @a脸谱
606 0  @a年画
690    @aJ228.3@v4
690    @aJ815@v4
701  0 @a杨小华@Ayang xiao hua@4绘
702  0 @a刘正@Aliu zheng@4编
801  0 @aCN@bNLC@c20070807
905    @a10447@dJ228.3@e252:1
    
    戏曲年画与脸谱.上册/杨小华绘/刘正等编.-天津:天津人民美术出版社,2003
    44页;17×18cm.-(知识丛书)
    
    
    ISBN 7-5305-2300-7:CNY14.00
    
●
相关链接 在E读中查询图书 在五车中查询图书 在当当中查询图书 在豆瓣中查询图书


正题名:戏曲年画与脸谱     索取号:J228.3/252:1         预约/预借

序号 登录号 条形码 馆藏地/架位号 状态 备注
1 0802480   208024804   第一样本阅览室/ [索取号:J228.3/252:1] 在馆    
2 0802481   208024813   第一借阅区/ [索取号:J228.3/252:1] 在馆    
3 0802482   208024822   密集书库-音乐系/ [索取号:J228.3/252:1] 在馆    
唐山师范学院图书馆 欢迎您!
大连网信软件有限公司© 版权所有